| 000 | 00928cab a2200265 4500 | ||
|---|---|---|---|
| 001 | ABS49652 | ||
| 008 | 090401t1993 xxu||||| |||| 00| 0 eng d | ||
| 035 | _a(Sirsi) u72132 | ||
| 041 | _aeng | ||
| 100 | _aWyatt, P. | ||
| 245 | 2 | _aA modern Domesday book | |
| 260 | _c1993 | ||
| 350 | _a0 | ||
| 490 |
_aValuer (ISVA) _v62(9) November 1993, 19(1) |
||
| 520 | _aResearch at the University of Brighton hopes to determine the benefits of a National Land Information System to property valuers. A GIS system is being used to construct a property database. It is hoped to enable analysis of locational factors which affect property values. | ||
| 650 | _aDOMESDAY 2000 | ||
| 650 | _aGIS | ||
| 650 | _aNATIONAL LAND INFORMATION SERVICE | ||
| 650 | _aVALUATION ISSUES | ||
| 650 | _aVALUE DATA | ||
| 690 | _aMANAGEMENT-BUSINESS MANAGEMENT-INFORMATION MANAGEMENT | ||
| 690 | _aLAND | ||
| 942 | _n0 | ||
| 948 | _c04/03/1997 | ||
| 999 |
_c45524 _d45524 |
||